[Event "4NCL Division 2a"]
[Site "Birmingham, ENG ENG"]
[Date "2016.02.14"]
[Round "6.211"]
[White "Wall, Gavin"]
[Black "Pitcher, John"]
[Result "1/2-1/2"]
[WhiteElo "2329"]
[BlackElo "2230"]
[PlyCount "51"]
[EventDate "2016.02.14"]
[WhiteTeam "Guildford 3"]
[BlackTeam "Warwickshire Select 1"]

1. e4 c5 2. Nf3 e6 3. b3 b6 4. Bb2 Bb7 5. Qe2 Nc6 6. g3 Nf6 7. e5 Nd5 8. c4
Nde7 9. Bg2 d5 10. exd6 Nf5 11. Na3 Bxd6 12. Nc2 O-O 13. O-O Qe7 14. Rad1 Rad8
15. d4 cxd4 16. Ncxd4 Ncxd4 17. Nxd4 Nxd4 18. Rxd4 Bxg2 19. Kxg2 Bc5 20. Rxd8
Rxd8 21. Rd1 Rxd1 22. Qxd1 h6 23. Qg4 f6 24. h4 e5 25. Qc8+ Kf7 26. Qc6 1/2-1/2

[Event "4NCL Division 2a"]
[Site "Birmingham, ENG ENG"]
[Date "2016.02.14"]
[Round "6.212"]
[White "Mason, Donald J"]
[Black "Povah, Nigel E"]
[Result "1/2-1/2"]
[WhiteElo "2230"]
[BlackElo "2305"]
[PlyCount "63"]
[EventDate "2016.02.14"]
[WhiteTeam "Warwickshire Select 1"]
[BlackTeam "Guildford 3"]

1. c4 e5 2. Nc3 Nf6 3. Nf3 Nc6 4. e4 Bb4 5. d3 d6 6. Be2 h6 7. O-O a6 8. Nd2
Bc5 9. Nb3 Ba7 10. Kh1 Be6 11. f4 exf4 12. Bxf4 Ne5 13. d4 Ng6 14. Be3 Qd7 15.
Qd2 Bg4 16. Rxf6 Bxe2 17. Rxg6 fxg6 18. Nxe2 b5 19. cxb5 axb5 20. Rf1 Rf8 21.
Rxf8+ Kxf8 22. a3 c6 23. d5 Bxe3 24. Qxe3 cxd5 25. exd5 Re8 26. Qf3+ Kg8 27.
Nbd4 Rf8 28. Qe3 Rf1+ 29. Ng1 Rd1 30. Nc6 Qf7 31. h3 Kh7 32. Nb4 1/2-1/2

[Event "4NCL Division 2a"]
[Site "Birmingham, ENG ENG"]
[Date "2016.02.14"]
[Round "6.213"]
[White "Zhang, Anthony Y"]
[Black "Thomas, Nicholas"]
[Result "1/2-1/2"]
[WhiteElo "2207"]
[BlackElo "2222"]
[PlyCount "100"]
[EventDate "2016.02.14"]
[WhiteTeam "Guildford 3"]
[BlackTeam "Warwickshire Select 1"]

1. d4 e6 2. Nf3 Nf6 3. c4 Bb4+ 4. Nbd2 Nc6 5. a3 Bxd2+ 6. Bxd2 Ne4 7. e3 O-O 8.
Bd3 Nxd2 9. Qxd2 d6 10. b4 Qe7 11. b5 Nb8 12. Qc3 Nd7 13. O-O e5 14. Bf5 exd4
15. exd4 Qf6 16. Bxd7 Bxd7 17. Rfe1 Rfe8 18. Rxe8+ Rxe8 19. Re1 Rxe1+ 20. Qxe1
b6 21. Qe4 g6 22. Qa8+ Kg7 23. h3 Qf4 24. Qd8 Qc1+ 25. Kh2 Qf4+ 26. Kg1 Bxh3
27. gxh3 Qxf3 28. Qxc7 Qd1+ 29. Kg2 Qxd4 30. Qxa7 d5 31. cxd5 Qxd5+ 32. Kg1
Qxb5 33. a4 Qb1+ 34. Kh2 Qb2 35. Kg1 Qc1+ 36. Kg2 Qg5+ 37. Kf1 Qc5 38. Kg2 Qd4
39. Kg1 h5 40. Qa8 g5 41. Kg2 g4 42. hxg4 Qxg4+ 43. Kh2 h4 44. Qc6 Qf4+ 45. Kg2
Qg5+ 46. Kh2 Qf6 47. Qg2+ Kh6 48. Kh3 Qd4 49. Qf3 f6 50. Qf5 Kg7 1/2-1/2

[Event "4NCL Division 2a"]
[Site "Birmingham, ENG ENG"]
[Date "2016.02.14"]
[Round "6.214"]
[White "Cooper, David M"]
[Black "Osborne, Marcus E"]
[Result "0-1"]
[WhiteElo "2068"]
[BlackElo "2215"]
[PlyCount "92"]
[EventDate "2016.02.14"]
[WhiteTeam "Warwickshire Select 1"]
[BlackTeam "Guildford 3"]

1. e4 e6 2. d4 d5 3. Nc3 Nf6 4. e5 Nfd7 5. Nf3 c5 6. dxc5 Nc6 7. Bf4 Bxc5 8.
Bd3 h6 9. Bg3 a6 10. O-O g5 11. h3 h5 12. Re1 h4 13. Bh2 Rg8 14. Qe2 Be7 15. a3
Nc5 16. Rac1 Nxd3 17. Qxd3 Rg6 18. Rcd1 Qb6 19. b4 Bd7 20. Ne2 Rc8 21. c4 Rd8
22. Ned4 dxc4 23. Qxc4 g4 24. hxg4 Rxg4 25. Qc3 h3 26. Bg3 Nxd4 27. Nxd4 Ba4
28. Nb3 hxg2 29. Kxg2 Bc6+ 30. Kg1 Bh4 31. Nc5 Rd5 32. Qf3 Rdd4 33. Qe3 Qd8 34.
Rxd4 Qxd4 35. Qxd4 Rxd4 36. Nb3 Rg4 37. Kh2 Bg5 38. Kh3 Bf3 39. Nc5 Rc4 40. Kh2
Ke7 41. Rb1 b6 42. Nxa6 Rc8 43. Kg1 Rh8 44. Bh2 Bf4 45. Rb3 Bxh2+ 46. Kf1 Bd5
0-1

[Event "4NCL Division 2a"]
[Site "Birmingham, ENG ENG"]
[Date "2016.02.14"]
[Round "6.215"]
[White "Golding, Alex"]
[Black "Paterson, Andrew I"]
[Result "1/2-1/2"]
[WhiteElo "2155"]
[BlackElo "2095"]
[PlyCount "92"]
[EventDate "2016.02.14"]
[WhiteTeam "Guildford 3"]
[BlackTeam "Warwickshire Select 1"]

1. e4 c5 2. Nf3 Nc6 3. d4 cxd4 4. Nxd4 e5 5. Nb5 d6 6. N1c3 a6 7. Na3 Be7 8.
Nd5 Nf6 9. Nxf6+ Bxf6 10. Nc4 Be7 11. Be3 Be6 12. Nb6 Rb8 13. c3 O-O 14. Be2
Bg5 15. Qd2 Bxe3 16. Qxe3 Nd4 17. cxd4 Qxb6 18. d5 Qxe3 19. fxe3 Bd7 20. Rc1
Rbc8 21. Rxc8 Rxc8 22. Kd2 f5 23. Bd3 g6 24. exf5 gxf5 25. Rc1 Rxc1 26. Kxc1 e4
27. Bc4 Kg7 28. Kd2 Kf6 29. Kc3 Ke5 30. g3 b5 31. Be2 Kxd5 32. Kb4 Kc6 33. Ka5
Bc8 34. Kb4 Kb6 35. a3 Bd7 36. Bh5 a5+ 37. Kc3 Kc5 38. b4+ axb4+ 39. axb4+ Kd5
40. Bf7+ Ke5 41. Bh5 Be6 42. Be8 Bc4 43. Bh5 Bd3 44. Be8 Be2 45. Bd7 Bc4 46.
Be8 Be2 1/2-1/2

[Event "4NCL Division 2a"]
[Site "Birmingham, ENG ENG"]
[Date "2016.02.14"]
[Round "6.216"]
[White "Hynes, Anthony M"]
[Black "Punnett, Alan K"]
[Result "1-0"]
[WhiteElo "2134"]
[BlackElo "2125"]
[PlyCount "59"]
[EventDate "2016.02.14"]
[WhiteTeam "Warwickshire Select 1"]
[BlackTeam "Guildford 3"]

1. e4 e6 2. d4 d5 3. Nd2 Be7 4. Ngf3 Nf6 5. e5 Nfd7 6. Bd3 c5 7. c3 Nc6 8. O-O
a5 9. a4 g5 10. dxc5 Ndxe5 11. Nxe5 Nxe5 12. Bb5+ Bd7 13. Bxd7+ Nxd7 14. b4 Bf6
15. Ra3 O-O 16. Nf3 h6 17. h4 Ne5 18. Nxe5 Bxe5 19. hxg5 hxg5 20. Qg4 f5 21.
Qe2 Qf6 22. Re1 Bxc3 23. Rxc3 Qxc3 24. Bb2 Qxb4 25. Qxe6+ Kh7 26. Qe7+ Kg6 27.
Re6+ Kh5 28. Qh7+ Kg4 29. Qh3+ Kf4 30. Qf3# 1-0

[Event "4NCL Division 2a"]
[Site "Birmingham, ENG ENG"]
[Date "2016.02.14"]
[Round "6.217"]
[White "Shepley, Julien M"]
[Black "Baruch, Andrew J D"]
[Result "1/2-1/2"]
[WhiteElo "2042"]
[BlackElo "2078"]
[PlyCount "32"]
[EventDate "2016.02.14"]
[WhiteTeam "Guildford 3"]
[BlackTeam "Warwickshire Select 1"]

1. e4 Nf6 2. Nc3 d5 3. e5 Ne4 4. Qf3 Nc6 5. Bb5 Nxc3 6. bxc3 e6 7. Qg3 d4 8.
Ne2 dxc3 9. Bxc6+ bxc6 10. Qxc3 Qd5 11. O-O Ba6 12. d3 Be7 13. Nf4 Qc5 14. Qxc5
Bxc5 15. Bb2 g6 16. Bc3 Kd7 1/2-1/2

[Event "4NCL Division 2a"]
[Site "Birmingham, ENG ENG"]
[Date "2016.02.14"]
[Round "6.218"]
[White "Parekh, Rajen M"]
[Black "Stimpson, Philip M"]
[Result "1/2-1/2"]
[WhiteElo "1847"]
[BlackElo "1975"]
[PlyCount "35"]
[EventDate "2016.02.14"]
[WhiteTeam "Warwickshire Select 1"]
[BlackTeam "Guildford 3"]

1. e4 d5 2. exd5 Nf6 3. d4 Bg4 4. Nf3 Qxd5 5. Nc3 Qf5 6. Be2 Nc6 7. h3 Bxf3 8.
Bxf3 O-O-O 9. Bxc6 Qe6+ 10. Ne2 Qxc6 11. O-O e6 12. Bf4 Nd5 13. Bg3 Bd6 14.
Bxd6 Qxd6 15. Qd2 h6 16. c4 Nf6 17. Qa5 Qb6 18. Qc3 1/2-1/2

[Event "4NCL Division 2a"]
[Site "Birmingham, ENG ENG"]
[Date "2016.02.14"]
[Round "6.221"]
[White "Tavares, Shawn P"]
[Black "Coleman, David J"]
[Result "1/2-1/2"]
[WhiteElo "2141"]
[BlackElo "2161"]
[PlyCount "86"]
[EventDate "2016.02.14"]
[WhiteTeam "Grantham Sharks 2"]
[BlackTeam "Barbican 4NCL Youth"]

1. d4 Nf6 2. c4 Nc6 3. Nf3 e6 4. a3 d6 5. Nc3 g6 6. e4 Bg7 7. h3 O-O 8. Bg5 h6
9. Be3 Re8 10. Qd2 Kh7 11. Bd3 Nd7 12. Bc2 a6 13. Nh2 e5 14. d5 Nd4 15. O-O Nc5
16. Rae1 Nxc2 17. Qxc2 f5 18. f3 Rf8 19. g4 f4 20. Bf2 Bf6 21. b4 Nd7 22. c5
Rf7 23. Rc1 Nf8 24. cxd6 cxd6 25. Na4 Bd7 26. Nb6 Rb8 27. a4 Be8 28. Kg2 Bh4
29. Rfd1 Bxf2 30. Qxf2 Rc7 31. Nf1 Nd7 32. a5 Nxb6 33. Rxc7+ Qxc7 34. axb6 Qc3
35. Qd2 Rc8 36. Qxc3 Rxc3 37. Nd2 Ba4 38. Ra1 Bb5 39. Kf2 Kg7 40. Ke1 Kf6 41.
h4 Ke7 42. Kd1 Kd8 43. Rb1 Ba4+ 1/2-1/2

[Event "4NCL Division 2a"]
[Site "Birmingham, ENG ENG"]
[Date "2016.02.14"]
[Round "6.222"]
[White "Bhatia, Kanwal K"]
[Black "Cumbers, Paul"]
[Result "1/2-1/2"]
[WhiteElo "2078"]
[BlackElo "2188"]
[PlyCount "112"]
[EventDate "2016.02.14"]
[WhiteTeam "Barbican 4NCL Youth"]
[BlackTeam "Grantham Sharks 2"]

1. e4 e6 2. d4 d5 3. Nd2 Nf6 4. e5 Nfd7 5. f4 c5 6. c3 Nc6 7. Ndf3 Qb6 8. a3 a5
9. b3 Be7 10. h4 cxd4 11. cxd4 h5 12. Bb2 Nf8 13. Bd3 Bd7 14. Ne2 a4 15. b4 Na5
16. Rc1 Nb3 17. Rc3 Bb5 18. O-O Bxd3 19. Qxd3 g6 20. Rc2 Nd7 21. Kh1 O-O 22.
Rg1 Kg7 23. g4 hxg4 24. Rxg4 Rh8 25. Ng3 Kf8 26. Rh2 Ke8 27. h5 Nf8 28. hxg6
Rxh2+ 29. Kxh2 fxg6 30. Ne2 Qc6 31. Nc3 Rc8 32. Rg2 Qd7 33. Nd2 Nxd2 34. Rxd2
Rc4 35. Qh3 Bd8 36. Qh8 Qf7 37. Qh6 Qf5 38. Kg3 Bb6 39. Nxa4 Rc2 40. Qh2 Rxd2
41. Qxd2 Bd8 42. Qe2 g5 43. Bc1 gxf4+ 44. Bxf4 Bh4+ 45. Kxh4 Ng6+ 46. Kg3 Qxf4+
47. Kg2 Qxd4 48. Qb5+ Kf7 49. Qxb7+ Ne7 50. Qc7 Qd2+ 51. Kg3 Qe3+ 52. Kg2 Qxa3
53. Nb6 Qxb4 54. Nc8 Qd2+ 55. Kf3 Qd3+ 56. Kf2 Qd2+ 1/2-1/2

[Event "4NCL Division 2a"]
[Site "Birmingham, ENG ENG"]
[Date "2016.02.14"]
[Round "6.223"]
[White "Purton, Ben J"]
[Black "Stewart, Ashley"]
[Result "1/2-1/2"]
[WhiteElo "2177"]
[BlackElo "2068"]
[PlyCount "51"]
[EventDate "2016.02.14"]
[WhiteTeam "Grantham Sharks 2"]
[BlackTeam "Barbican 4NCL Youth"]

1. e4 c5 2. Nf3 g6 3. c4 Nc6 4. Nc3 Bg7 5. g3 d6 6. Bg2 Bg4 7. h3 Bxf3 8. Bxf3
Nf6 9. d3 O-O 10. O-O a6 11. Bg2 Rb8 12. f4 Ne8 13. Bd2 h5 14. Rb1 Nc7 15. Be1
Ne6 16. b3 Ned4 17. Ne2 b5 18. Bf2 a5 19. Kh2 Qd7 20. Nxd4 Nxd4 21. Re1 Bh6 22.
Bxd4 cxd4 23. Bf3 Rb6 24. Qe2 f6 25. Qg2 Kg7 26. Bd1 1/2-1/2

[Event "4NCL Division 2a"]
[Site "Birmingham, ENG ENG"]
[Date "2016.02.14"]
[Round "6.224"]
[White "Klingher, Dominic"]
[Black "Murphy, Hugh W"]
[Result "1-0"]
[WhiteElo "2020"]
[BlackElo "2140"]
[PlyCount "63"]
[EventDate "2016.02.14"]
[WhiteTeam "Barbican 4NCL Youth"]
[BlackTeam "Grantham Sharks 2"]

1. e4 c6 2. d4 d5 3. f3 Qb6 4. Nc3 e6 5. Nge2 Nd7 6. g3 dxe4 7. fxe4 e5 8. Bg2
Ngf6 9. O-O Be7 10. h3 O-O 11. Kh2 Re8 12. d5 Bf8 13. b3 h6 14. Na4 Qc7 15. c4
b5 16. cxb5 cxb5 17. Nb2 Ba3 18. Nd3 Bxc1 19. Rxc1 Qb6 20. Qd2 Bb7 21. g4 Nh7
22. Ng3 Rac8 23. Rxc8 Bxc8 24. Rc1 Bb7 25. Nf5 Ndf6 26. Qf2 Qa5 27. Nd6 Re7 28.
Nxb7 Rxb7 29. Nxe5 Ng5 30. Rc8+ Kh7 31. Qf5+ g6 32. Qxf6 1-0

[Event "4NCL Division 2a"]
[Site "Birmingham, ENG ENG"]
[Date "2016.02.14"]
[Round "6.225"]
[White "Milson, Samuel A"]
[Black "Keen, Cosima"]
[Result "1-0"]
[WhiteElo "2102"]
[BlackElo "1932"]
[PlyCount "57"]
[EventDate "2016.02.14"]
[WhiteTeam "Grantham Sharks 2"]
[BlackTeam "Barbican 4NCL Youth"]

1. e4 c6 2. d4 d5 3. exd5 cxd5 4. c4 Nf6 5. Nc3 e6 6. Nf3 Be7 7. Bf4 a6 8. c5
O-O 9. Bd3 Nc6 10. a3 Nd7 11. b4 Bf6 12. Rc1 Kh8 13. Bb1 Re8 14. O-O b6 15. b5
Nxd4 16. Nxd4 bxc5 17. Nc6 Qb6 18. Nxd5 exd5 19. Qxd5 axb5 20. Rfe1 Rxe1+ 21.
Rxe1 Bb7 22. Qxf7 Be5 23. Rxe5 Nf6 24. Re7 Rg8 25. Bh6 Nh5 26. Qf5 Nf6 27.
Bxg7+ Rxg7 28. Qxf6 Qxc6 29. Qxg7# 1-0

[Event "4NCL Division 2a"]
[Site "Birmingham, ENG ENG"]
[Date "2016.02.14"]
[Round "6.226"]
[White "Wei, Naomi"]
[Black "Kafka, Graeme"]
[Result "0-1"]
[WhiteElo "1765"]
[BlackElo "2066"]
[PlyCount "154"]
[EventDate "2016.02.14"]
[WhiteTeam "Barbican 4NCL Youth"]
[BlackTeam "Grantham Sharks 2"]

1. d4 d5 2. c4 c6 3. Nc3 Nf6 4. e3 e6 5. Nf3 Nbd7 6. b3 Bd6 7. Be2 b6 8. Bb2
O-O 9. O-O Bb7 10. Bd3 c5 11. Qe2 Ne4 12. Nb5 Bb8 13. Ne5 Nxe5 14. dxe5 a6 15.
Bxe4 dxe4 16. Rad1 Qg5 17. Nd6 Bc6 18. Qc2 Bc7 19. Rd2 Rad8 20. Rfd1 Qh4 21.
Bc3 Rd7 22. a4 Rfd8 23. b4 cxb4 24. Bxb4 Qg5 25. Bc3 f5 26. Bb2 f4 27. exf4
Qxf4 28. Qb3 Bxd6 29. exd6 Rxd6 30. Rxd6 Rxd6 31. Rxd6 Qxd6 32. h3 Qc5 33. Qc3
Qg5 34. g3 e3 35. Qxe3 Qxe3 36. fxe3 Bxa4 37. Bd4 b5 38. cxb5 axb5 39. Bc5 Kf7
40. Kf2 Bc2 41. Kf3 Kf6 42. Bf8 Ke5 43. Bxg7+ Kd5 44. h4 e5 45. Bf8 Bd1+ 46.
Kf2 Bg4 47. Be7 Kc4 48. Bf6 e4 49. Ke1 Kd3 50. Be7 Kxe3 51. Bc5+ Kf3 52. Bd6 e3
53. Kf1 Ke4 54. Ke1 Kd4 55. Be7 h5 56. Bf8 Kc4 57. Bh6 b4 58. Bxe3 Kd3 59. Bh6
b3 60. Bg7 Kc2 61. Kf2 b2 62. Bxb2 Kxb2 63. Ke3 Kc3 64. Kf2 Kd2 65. Kf1 Ke3 66.
Kg2 Ke2 67. Kg1 Kf3 68. Kh2 Kf2 69. Kh1 Kxg3 70. Kg1 Bf3 71. Kf1 Kxh4 72. Kf2
Kg4 73. Kg1 Kg3 74. Kf1 h4 75. Kg1 h3 76. Kf1 Bg2+ 77. Kg1 h2# 0-1

[Event "4NCL Division 2a"]
[Site "Birmingham, ENG ENG"]
[Date "2016.02.14"]
[Round "6.227"]
[White "Batchelor, Guy J"]
[Black "Sarkans, Elivjs"]
[Result "1/2-1/2"]
[WhiteElo "1982"]
[BlackElo "1825"]
[PlyCount "151"]
[EventDate "2016.02.14"]
[WhiteTeam "Grantham Sharks 2"]
[BlackTeam "Barbican 4NCL Youth"]

1. e4 e6 2. d4 d5 3. Nc3 dxe4 4. Nxe4 Nf6 5. Nxf6+ Qxf6 6. Nf3 h6 7. g3 Bd6 8.
Bg2 O-O 9. O-O Nd7 10. c3 e5 11. Nd2 exd4 12. Ne4 Qg6 13. Qxd4 Be5 14. Qb4 f5
15. Nd2 Nb6 16. f4 Bd6 17. Qa5 c6 18. b3 Be6 19. c4 Bc7 20. Qc3 Rfe8 21. Ba3
Bd8 22. Rad1 Bf6 23. Qc2 Rad8 24. Nf3 Qf7 25. Rxd8 Rxd8 26. Rd1 Qc7 27. Bc5
Rxd1+ 28. Qxd1 Nc8 29. Bd4 Qd7 30. Qa1 Bxd4+ 31. Qxd4 Qxd4+ 32. Nxd4 Kf7 33.
Kf2 Kf6 34. Ke3 Nb6 35. a4 Nd7 36. Kd3 a5 37. Kc3 Ke7 38. Bxc6 bxc6 39. Nxc6+
Kd6 40. Nxa5 Nc5 41. Kd4 Bd7 42. b4 Ne6+ 43. Kc3 Bxa4 44. c5+ Kd5 45. Nc4 Bc6
46. Nd6 Nd4 47. Kd3 Bd7 48. h3 h5 49. Kd2 h4 50. gxh4 Nf3+ 51. Ke3 Nxh4 52. Kf2
Ng6 53. Kg3 Be6 54. Ne8 Kc4 55. Nxg7 Bd7 56. c6 Bc8 57. h4 Kxb4 58. h5 Nf8 59.
Kh4 Nh7 60. h6 Kc5 61. Kh5 Nf8 62. Kg5 Kxc6 63. Nxf5 Nh7+ 64. Kg6 Nf8+ 65. Kf6
Nh7+ 66. Ke5 Kd7 67. Nd6 Ba6 68. Ne4 Ke7 69. f5 Bd3 70. Nc5 Bb1 71. Kf4 Kf7 72.
Nd7 Bc2 73. Ne5+ Kf6 74. Ng4+ Kf7 75. Ke5 Bb1 76. Kf4 1/2-1/2

[Event "4NCL Division 2a"]
[Site "Birmingham, ENG ENG"]
[Date "2016.02.14"]
[Round "6.228"]
[White "Golding, William"]
[Black "Milson, Amy F"]
[Result "1-0"]
[WhiteElo "1622"]
[BlackElo "1757"]
[PlyCount "79"]
[EventDate "2016.02.14"]
[WhiteTeam "Barbican 4NCL Youth"]
[BlackTeam "Grantham Sharks 2"]

1. d4 Nf6 2. Nf3 b6 3. Bf4 Bb7 4. e3 e6 5. c3 d6 6. Nbd2 Nbd7 7. Be2 c5 8. dxc5
Nxc5 9. Bb5+ Ncd7 10. Nc4 Bxf3 11. Qxf3 e5 12. Bg5 Be7 13. Bxd7+ Nxd7 14. Bxe7
Kxe7 15. O-O-O Qc7 16. Nxd6 Raf8 17. Nf5+ Kd8 18. Qa8+ Qc8 19. Qxa7 Qc7 20.
Qa8+ Qc8 21. Qa4 g6 22. Rxd7+ Qxd7 23. Rd1 Qxd1+ 24. Qxd1+ Kc7 25. Qd6+ Kb7 26.
Ne7 Rd8 27. Qc6+ Ka7 28. Nd5 Rb8 29. Qa4+ Kb7 30. Qd7+ Ka8 31. Nc7+ Ka7 32.
Nb5+ Ka6 33. a4 Rb7 34. Qd3 Re7 35. Nd6+ Ka7 36. Qb5 Rc7 37. a5 Rb8 38. axb6+
Rxb6 39. Qa5+ Kb8 40. Qxb6+ 1-0

[Event "4NCL Division 2a"]
[Site "Birmingham, ENG ENG"]
[Date "2016.02.14"]
[Round "6.231"]
[White "Asenov, Pavel"]
[Black "Snuverink, Jochem"]
[Result "0-1"]
[WhiteElo "2260"]
[BlackElo "2403"]
[PlyCount "42"]
[EventDate "2016.02.14"]
[WhiteTeam "Brown Jack Witney"]
[BlackTeam "Kings Head"]

1. d4 e6 2. c4 c5 3. d5 exd5 4. cxd5 d6 5. Nc3 g6 6. e4 Bg7 7. Nge2 Ne7 8. Ng3
a6 9. a4 O-O 10. Bd3 f5 11. exf5 Nxf5 12. Nge4 Nd7 13. O-O Ne5 14. Bb1 Nd4 15.
h3 Nef3+ 16. gxf3 Nxf3+ 17. Kh1 Qh4 18. Ng5 Be5 19. Nce4 Bxh3 20. Nxf3 Rxf3 21.
Ng5 Bg2+ 0-1

[Event "4NCL Division 2a"]
[Site "Birmingham, ENG ENG"]
[Date "2016.02.14"]
[Round "6.232"]
[White "Okike, David"]
[Black "Mihalik, Agoston"]
[Result "1-0"]
[WhiteElo "2204"]
[BlackElo "2142"]
[PlyCount "121"]
[EventDate "2016.02.14"]
[WhiteTeam "Kings Head"]
[BlackTeam "Brown Jack Witney"]

1. e4 c5 2. Nf3 d6 3. d4 cxd4 4. Nxd4 Nf6 5. Nc3 a6 6. Bg5 Nbd7 7. f4 Qa5 8.
Qe2 e5 9. Nb3 Qc7 10. f5 h6 11. Bxf6 Nxf6 12. g4 b5 13. a3 Bb7 14. Bg2 Be7 15.
h4 Nd7 16. O-O-O Nc5 17. Kb1 Bc6 18. Nc1 Qb7 19. b4 Nd7 20. Nb3 Nb6 21. Na5 Qc7
22. Rh3 Rc8 23. g5 Bd7 24. Rg3 hxg5 25. hxg5 f6 26. gxf6 Bxf6 27. Rgd3 Be7 28.
Qg4 Kf8 29. Qe2 Bc6 30. Bf3 Rd8 31. Bh5 Be8 32. Bxe8 Kxe8 33. Qg2 Bf6 34. Qd2
Be7 35. Kb2 Rh6 36. Rg3 Bf6 37. Nd5 Nxd5 38. Qxd5 Rc8 39. Rd2 Rh1 40. Nb7 Be7
41. Qg8+ Kd7 42. Nc5+ Kc6 43. Qe6 Rh6 44. Qd5+ Kb6 45. Ne6 Qc4 46. Qxc4 bxc4
47. c3 Bf8 48. a4 Kc6 49. a5 Rh4 50. Rg6 Rxe4 51. Nxf8 Rxf8 52. Rdxd6+ Kc7 53.
Rc6+ Kb8 54. Rb6+ Kc8 55. Rxa6 Rf7 56. Rac6+ Kb8 57. b5 Rxf5 58. Rxg7 Rf3 59.
Rg8+ Kb7 60. a6+ Ka7 61. Rc7+ 1-0

[Event "4NCL Division 2a"]
[Site "Birmingham, ENG ENG"]
[Date "2016.02.14"]
[Round "6.233"]
[White "Martin, Lewis"]
[Black "Guthrie, David"]
[Result "0-1"]
[WhiteElo "2147"]
[BlackElo "2182"]
[PlyCount "78"]
[EventDate "2016.02.14"]
[WhiteTeam "Brown Jack Witney"]
[BlackTeam "Kings Head"]

1. d4 Nf6 2. c4 e6 3. Nf3 d5 4. Nc3 dxc4 5. e3 a6 6. Bxc4 b5 7. Bd3 Bb7 8. O-O
c5 9. b3 Nbd7 10. Bb2 Be7 11. Qe2 O-O 12. Rad1 Qc7 13. Nb1 Rac8 14. Ne5 cxd4
15. exd4 Nb6 16. f4 g6 17. Nd2 Nbd5 18. Qf2 Rfd8 19. g4 Bb4 20. f5 exf5 21.
gxf5 g5 22. Ndf3 h6 23. Qg3 Nh5 24. Qh3 Ndf4 25. Qg4 Qe7 26. Rf2 Nf6 27. Qg3
N6h5 28. Qg4 Bc3 29. h4 Bxb2 30. Rxb2 f6 31. hxg5 fxe5 32. gxh6+ Kh8 33. Nxe5
Rg8 34. Ng6+ Kh7 35. Rf2 Nxd3 36. Rxd3 Rc1+ 37. Rf1 Rxf1+ 38. Kxf1 Qe4 39. Rh3
Qxg4 0-1

[Event "4NCL Division 2a"]
[Site "Birmingham, ENG ENG"]
[Date "2016.02.14"]
[Round "6.234"]
[White "Lewis, Alex"]
[Black "Whatley, Stephen A J"]
[Result "1/2-1/2"]
[WhiteElo "2158"]
[BlackElo "2162"]
[PlyCount "101"]
[EventDate "2016.02.14"]
[WhiteTeam "Kings Head"]
[BlackTeam "Brown Jack Witney"]

1. e4 c5 2. Nf3 Nc6 3. d3 e6 4. g3 Nf6 5. Bg2 d5 6. Qe2 Be7 7. O-O O-O 8. e5
Nd7 9. c4 f6 10. Nc3 Nd4 11. Nxd4 cxd4 12. cxd5 fxe5 13. dxe6 Nc5 14. Nd5 Bxe6
15. Nxe7+ Qxe7 16. Qxe5 Nxd3 17. Qxd4 Nb4 18. Qe4 Rac8 19. Bd2 Rc4 20. Qxb7
Qxb7 21. Bxb7 Rb8 22. b3 Rc2 23. Bxb4 Rxb7 24. Rfe1 Kf7 25. Bd6 g5 26. Re5 Rd7
27. Bb4 h6 28. Rae1 Bh3 29. R5e2 Rdc7 30. f3 g4 31. f4 h5 32. Kf2 h4 33. Rxc2
Rxc2+ 34. Re2 hxg3+ 35. hxg3 Rc1 36. Be1 Ra1 37. Rc2 a6 38. a4 Ra3 39. Rb2 Ra1
40. a5 Ra3 41. Ke3 Ra1 42. Ke2 Bg2 43. b4 Bf3+ 44. Kf2 Bc6 45. Re2 Ra3 46. Re5
Bb5 47. Rg5 Ra2+ 48. Kg1 Re2 49. Re5 Rxe5 50. fxe5 Ke6 51. Bc3 1/2-1/2

[Event "4NCL Division 2a"]
[Site "Birmingham, ENG ENG"]
[Date "2016.02.14"]
[Round "6.235"]
[White "Padilla Cabero, Pablo"]
[Black "McMichael, Richard J"]
[Result "1/2-1/2"]
[WhiteElo "2168"]
[BlackElo "2190"]
[PlyCount "30"]
[EventDate "2016.02.14"]
[WhiteTeam "Brown Jack Witney"]
[BlackTeam "Kings Head"]

1. e4 e6 2. d4 d5 3. Bb5+ Bd7 4. Qe2 dxe4 5. Nd2 Nf6 6. Nh3 Be7 7. Ng5 O-O 8.
Ndxe4 Nxe4 9. Nxe4 Bxb5 10. Qxb5 Qxd4 11. Qxb7 Qd5 12. Qxd5 exd5 13. Nc3 Bb4
14. O-O Bxc3 15. bxc3 Nd7 1/2-1/2

[Event "4NCL Division 2a"]
[Site "Birmingham, ENG ENG"]
[Date "2016.02.14"]
[Round "6.236"]
[White "Davey, Mark"]
[Black "Onley, David E"]
[Result "1/2-1/2"]
[WhiteElo "2043"]
[BlackElo "2152"]
[PlyCount "81"]
[EventDate "2016.02.14"]
[WhiteTeam "Kings Head"]
[BlackTeam "Brown Jack Witney"]

1. e4 c5 2. Nc3 Nc6 3. g3 g6 4. Bg2 Bg7 5. d3 d6 6. Bd2 Nf6 7. f4 O-O 8. Nf3
Nd4 9. Nxd4 cxd4 10. Ne2 Qb6 11. Rb1 Ng4 12. O-O f5 13. h3 Ne3 14. Bxe3 dxe3
15. Kh2 a5 16. d4 fxe4 17. Bxe4 Be6 18. b3 d5 19. Bg2 Rac8 20. Rc1 Qb4 21. c3
Qa3 22. Rf3 Bd7 23. Rxe3 e6 24. Qd2 b5 25. c4 bxc4 26. bxc4 Qb4 27. Qxb4 axb4
28. c5 Kf7 29. Rd1 Ra8 30. Rd2 Bb5 31. Nc1 Bc4 32. Bf3 Ra3 33. Rxa3 bxa3 34.
Bd1 Rb8 35. Bb3 Rb4 36. Kg2 Bxb3 37. Nxb3 Rc4 38. Kf2 Ke7 39. Ke3 Rc3+ 40. Rd3
Rc2 41. Rd2 1/2-1/2

[Event "4NCL Division 2a"]
[Site "Birmingham, ENG ENG"]
[Date "2016.02.14"]
[Round "6.237"]
[White "Richmond, Jane"]
[Black "Disu, Kayode"]
[Result "1/2-1/2"]
[WhiteElo "2155"]
[BlackElo "1950"]
[PlyCount "89"]
[EventDate "2016.02.14"]
[WhiteTeam "Brown Jack Witney"]
[BlackTeam "Kings Head"]

1. e4 e5 2. Nf3 Nc6 3. Bb5 a6 4. Ba4 Nf6 5. O-O Be7 6. Qe2 O-O 7. c3 d6 8. d3
Bd7 9. Nbd2 Re8 10. Rd1 Bf8 11. Nf1 Nd4 12. cxd4 Bxa4 13. b3 Bd7 14. dxe5 dxe5
15. Bb2 Bg4 16. Rac1 c6 17. Ne3 Bxf3 18. Qxf3 Nd7 19. Qg4 Re6 20. Nf5 Rg6 21.
Qh3 c5 22. Rf1 Qg5 23. Rc2 Qg4 24. Qxg4 Rxg4 25. Ne3 Rg6 26. Nd5 Rc6 27. g3 Bd6
28. f4 f6 29. Kg2 Rac8 30. fxe5 fxe5 31. Rcf2 Rf8 32. Ne3 Rxf2+ 33. Rxf2 g6 34.
Nd5 Kg7 35. h4 Rc8 36. g4 Rf8 37. Rxf8 Nxf8 38. Kf3 Ne6 39. g5 Kf7 40. Kg4 Nf8
41. a4 b5 42. Nc3 b4 43. Nd5 Nd7 44. Ne3 Ke6 45. Nc4 1/2-1/2

[Event "4NCL Division 2a"]
[Site "Birmingham, ENG ENG"]
[Date "2016.02.14"]
[Round "6.238"]
[White "Onslow, Alfie"]
[Black "Girdlestone, Paul C"]
[Result "1-0"]
[WhiteElo "1689"]
[BlackElo "2132"]
[PlyCount "45"]
[EventDate "2016.02.14"]
[WhiteTeam "Kings Head"]
[BlackTeam "Brown Jack Witney"]

1. e4 e5 2. Nf3 Nc6 3. Bc4 g6 4. c3 Qe7 5. d3 d6 6. O-O Bg7 7. Ng5 Nh6 8. f4 f6
9. Nf3 Bd7 10. fxe5 Nxe5 11. Nxe5 fxe5 12. Be3 Ng4 13. Bf7+ Kd8 14. Bd2 c6 15.
Na3 d5 16. exd5 Rf8 17. Be6 Bxe6 18. dxe6 Rxf1+ 19. Qxf1 Qc5+ 20. d4 exd4 21.
b4 Qh5 22. h3 Nh6 23. Bxh6 1-0

[Event "4NCL Division 2a"]
[Site "Birmingham, ENG ENG"]
[Date "2016.02.14"]
[Round "6.241"]
[White "Ross, Chris N"]
[Black "Hoffmann, Hendrik"]
[Result "1/2-1/2"]
[WhiteElo "2206"]
[BlackElo "2268"]
[PlyCount "34"]
[EventDate "2016.02.14"]
[WhiteTeam "MK Phoenix 1"]
[BlackTeam "Celtic Tigers 1"]

1. e4 d6 2. d4 Nf6 3. Nc3 g6 4. Be3 Bg7 5. Qd2 O-O 6. Bh6 c5 7. Bxg7 Kxg7 8.
dxc5 dxc5 9. O-O-O Qxd2+ 10. Rxd2 Nc6 11. Bb5 Nd4 12. Bc4 a6 13. Nge2 Nb5 14.
f3 Nxc3 15. Nxc3 b5 16. Bd5 Ra7 17. e5 Nxd5 1/2-1/2

[Event "4NCL Division 2a"]
[Site "Birmingham, ENG ENG"]
[Date "2016.02.14"]
[Round "6.242"]
[White "Maciol, Ryszard"]
[Black "Fraser-Mitchell, Jeremy N"]
[Result "1-0"]
[WhiteElo "2170"]
[BlackElo "2071"]
[PlyCount "43"]
[EventDate "2016.02.14"]
[WhiteTeam "Celtic Tigers 1"]
[BlackTeam "MK Phoenix 1"]

1. d4 Nf6 2. c4 c5 3. d5 e5 4. Nc3 d6 5. g3 Be7 6. Bg2 Na6 7. Nf3 Nc7 8. a4 O-O
9. O-O Nce8 10. Qc2 g6 11. a5 Nh5 12. Bh6 Neg7 13. Rfb1 f5 14. b4 e4 15. Ne1
Bf6 16. bxc5 dxc5 17. Ra2 Rf7 18. Be3 Be7 19. Qd2 Bd6 20. Bg5 Qe8 21. Nb5 Qe5
22. f4 1-0